Kraje Świata po angielsku - Statystyki

Ogólne statystyki
  • Ten quiz został rozwiązany 2 713 razy
  • Średni wynik to 75 z 196
Odpowiedzi na mapie
Odpowiedzi zakodowano w zielono-czerwonej skali na mapie do tego quizu, zgodnie z poniższymi procentami.
 
Statystyki odpowiedzi
Country % Poprawnych
Poland
91%
Canada
84%
Russia
84%
France
83%
Germany
82%
Spain
79%
Italy
77%
Mexico
77%
China
76%
Portugal
76%
Ukraine
76%
United States
74%
Brazil
72%
Finland
72%
Japan
72%
Sweden
71%
Australia
70%
Norway
70%
Chile
69%
Argentina
68%
Denmark
68%
United Kingdom
67%
Greece
65%
Turkey
65%
Austria
64%
Belarus
64%
Belgium
64%
India
64%
Peru
62%
Ireland
61%
North Korea
61%
South Korea
61%
Estonia
60%
Iceland
60%
Slovakia
60%
Cuba
59%
Egypt
58%
Czech Republic
57%
Iran
57%
Romania
57%
Hungary
56%
New Zealand
56%
Croatia
55%
Mongolia
55%
Netherlands
55%
Albania
54%
Serbia
54%
Bulgaria
53%
Slovenia
53%
Latvia
52%
Lithuania
51%
Niger
51%
Switzerland
51%
Oman
49%
Panama
49%
Indonesia
48%
Malta
48%
Nigeria
47%
Saudi Arabia
47%
Bolivia
45%
Iraq
45%
Andorra
44%
Dominica
44%
Haiti
44%
Kosovo
44%
Madagascar
44%
Pakistan
44%
Afghanistan
43%
Nepal
43%
Venezuela
43%
Cyprus
42%
Georgia
42%
South Africa
42%
Armenia
41%
Colombia
41%
San Marino
41%
Sudan
41%
Syria
41%
Vietnam
41%
Israel
40%
Liechtenstein
40%
Luxembourg
40%
Moldova
40%
Sri Lanka
40%
Laos
39%
Somalia
39%
Honduras
38%
Monaco
38%
Morocco
38%
North Macedonia
38%
Chad
37%
Mali
37%
Montenegro
37%
Paraguay
37%
Philippines
37%
Qatar
37%
Thailand
37%
Yemen
37%
Belize
36%
Bhutan
36%
Costa Rica
36%
Tunisia
36%
Uruguay
36%
Angola
35%
Algeria
34%
Senegal
34%
Ecuador
33%
Jamaica
33%
Jordan
33%
South Sudan
33%
Taiwan
33%
Uzbekistan
33%
Bangladesh
32%
Ghana
32%
Bahamas
31%
Guatemala
31%
Libya
31%
Nicaragua
31%
Turkmenistan
31%
Vatican City
31%
Zambia
30%
Botswana
29%
Kazakhstan
29%
Kenya
29%
Lesotho
29%
Togo
29%
Zimbabwe
29%
Ethiopia
28%
Namibia
28%
Bosnia and Herzegovina
27%
Guyana
27%
Guinea
26%
Tanzania
26%
Uganda
26%
Cambodia
25%
Gabon
25%
Papua New Guinea
25%
Benin
24%
Eswatini
24%
Gambia
24%
Liberia
24%
Dominican Republic
23%
Malaysia
23%
Palau
23%
Saint Lucia
23%
Suriname
23%
Barbados
22%
Fiji
22%
Kiribati
22%
Nauru
22%
Rwanda
22%
Sierra Leone
22%
Tuvalu
22%
Vanuatu
22%
Brunei
21%
Burkina Faso
21%
El Salvador
21%
Malawi
21%
Mauritius
21%
Tonga
21%
Guinea-Bissau
20%
Lebanon
20%
Mozambique
20%
Samoa
20%
United Arab Emirates
20%
Burundi
19%
Cameroon
19%
Azerbaijan
18%
Bahrain
18%
Kuwait
18%
Myanmar
18%
Tajikistan
18%
Saint Kitts and Nevis
17%
Grenada
16%
Marshall Islands
16%
Singapore
16%
Antigua and Barbuda
15%
Eritrea
15%
Ivory Coast
14%
Trinidad and Tobago
14%
East Timor
13%
Maldives
13%
Kyrgyzstan
11%
Solomon Islands
11%
Comoros
10%
Djibouti
10%
Mauritania
9%
Seychelles
9%
Cape Verde
8%
Central African Republic
8%
Equatorial Guinea
8%
Democratic Republic of the Congo
7%
Saint Vincent and the Grenadines
5%
São Tomé and Príncipe
5%
Republic of the Congo
4%
Federated States of Micronesia
2%
Nie znaleziono quizów pasujących do podanych kryteriów
Rozkład punktacji
Procent ludzi z każdym wynikiem
Percentyl według liczby udzielonych odpowiedzi
Twoja historia wyników
Nie rozwiązałeś tego quizu